Riadiaca jednotka mobilného robota Robotnačka

Na minha lista:
Detalhes bibliográficos
Autor principal: Gustafík, David, 1988- (Author)
Outros Autores: Balogh, Richard, 1969- (Thesis advisor)
Formato: Manuscrito Livro
Idioma:eslovaco
Publicado em: Bratislava : STU v Bratislave FEI, 2014
Assuntos:
ARM
Acesso em linha:VAIS
Tags: Adicionar Tag
Sem tags, seja o primeiro a adicionar uma tag!

MARC

LEADER 00000ntm a22000003a 4500
001 stu294151
005 20150617230320.3
008 140716s2014----xo------------------slo-d
040 |a STU  |b slo 
041 0 |a slo 
044 |a xo 
100 1 |a Gustafík, David,  |d 1988-  |4 aut  |u E  |T FEI Fakulta elektrotechniky a informatiky  |X 51261  |U E  |Y 30  |7 A000051261 
242 0 0 |a Control unit for the Robotnačka mobile robot  |y eng 
245 1 |a Riadiaca jednotka mobilného robota Robotnačka 
260 |a Bratislava :  |b STU v Bratislave FEI,  |c 2014 
300 |a 116 s  |c príl. 
650 7 |a ARM  |2 stusub 
700 1 |a Balogh, Richard,  |d 1969-  |4 ths  |u E010  |T FEI Ústav riadenia a priemyselnej informatiky  |X 3706  |U E010  |Y E010  |7 A000003706 
856 4 |a info a plný text  |u http://is.stuba.sk/zp/portal_zp.pl?podrobnosti=92478  |3 VAIS 
996 |b 284EP10985  |c E*DIPL-10985  |l EE31  |s P  |a 0  |w stu294151_0001